Classement des nations aux Jeux mondiaux depuis 1981 - Statistiques

Statistiques générales
  • Ce quiz a été pris 13 fois
  • Le résultat moyen est 29 sur 98
Statistiques - réponses
Rang Or Argent Bronze Total Pays Continent % Correct
2 160 119 153 432 Allemagne Europe
100%
3 159 148 119 426 Etats-Unis Amérique
100%
1 167 168 153 488 Italie Europe
100%
7 65 49 65 179 Japon Asie
100%
5 136 111 72 319 Russie Asie/Europe
100%
4 114 116 121 351 France Europe
90%
6 65 65 94 224 Royaume-Uni Europe
90%
13 35 52 45 132 Australie Océanie
80%
9 77 59 28 164 Chine Asie
80%
10 48 48 49 145 Espagne Europe
80%
8 60 59 54 173 Ukraine Europe
80%
15 38 50 31 118 Colombie Amérique
70%
12 42 45 54 141 Pays-Bas Europe
70%
11 44 43 56 143 Suède Europe
70%
14 40 43 46 129 Belgique Europe
60%
18 26 29 40 95 Canada Amérique
60%
17 42 24 30 96 Corée-du-Sud Asie
60%
21 16 20 34 70 Norvège Europe
60%
22 17 24 21 68 Autriche Europe
50%
24 11 23 25 59 Finlande Europe
50%
19 28 21 33 82 Hongrie Europe
50%
22 18 20 30 68 Pologne Europe
50%
20 25 34 20 79 Suisse Europe
50%
28 14 8 26 48 Biélorussie Europe
40%
27 17 14 18 49 Brésil Amérique
40%
25 24 13 15 52 Danemark Europe
40%
29 9 14 18 41 Egypte Afrique
40%
31 10 14 12 36 Nouvelle-Zélande Océanie
40%
16 34 39 37 110 Taïwan Asie
40%
26 11 17 22 50 Tchéquie Europe
40%
32 6 10 18 34 Afrique-du-Sud Afrique
30%
35 5 9 16 30 Argentine Amérique
30%
33 15 4 12 31 Bulgarie Europe
30%
29 12 11 18 41 Mexique Amérique
30%
37 6 8 12 26 Portugal Europe
30%
33 7 13 11 31 Slovénie Europe
30%
39 6 9 8 23 Croatie Europe
20%
39 5 11 7 23 Grèce Europe
20%
50 3 4 5 12 Irlande Europe
20%
43 5 9 4 18 Roumanie Europe
20%
57 4 2 2 8 Serbie Europe
20%
36 8 13 8 29 Thaïlande Asie
20%
43 3 3 12 18 Turquie Asie/Europe
20%
72 2 1 0 3 Algérie Afrique
10%
84 1 0 0 1 Arabie Saoudite Asie
10%
57 3 2 3 8 Azerbaïdjan Asie/Europe
10%
84 0 0 1 1 Bahamas Amérique
10%
72 0 2 1 3 Bahreïn Asie
10%
84 0 0 1 1 Bolivie Amérique
10%
62 2 1 3 6 Bosnie-Herzégovine Europe
10%
77 1 1 0 2 Brunei Asie
10%
77 2 0 0 2 Cambodge Asie
10%
47 4 7 5 16 Chili Amérique
10%
84 1 0 0 1 Costa Rica Amérique
10%
70 0 1 3 4 Côte d'ivoire Afrique
10%
50 3 2 7 12 Emirats Arabes Unis Asie
10%
60 1 1 5 7 Equateur Amérique
10%
57 3 4 1 8 Estonie Europe
10%
72 3 0 0 3 Fidji Océanie
10%
84 0 0 1 1 Géorgie Asie/Europe
10%
77 1 1 0 2 Guatemala Amérique
10%
56 1 3 5 9 Hong Kong Asie
10%
70 0 3 1 4 Iles {Vierges américaines} Amérique
10%
62 1 1 4 6 Inde Asie
10%
47 5 4 7 16 Indonésie Asie
10%
49 2 9 3 14 Iran Asie
10%
42 7 4 11 22 Israël Asie
10%
77 0 0 2 2 Jamaïque Amérique
10%
66 0 3 2 5 Jordanie Asie
10%
45 6 4 7 17 Kazakhstan Asie/Europe
10%
77 0 1 1 2 Kirghizistan Asie
10%
84 0 0 1 1 Koweït Asie
10%
84 0 1 0 1 Lettonie Europe
10%
84 0 1 0 1 Liechtenstein Europe
10%
45 4 5 8 17 Lituanie Europe
10%
60 1 3 3 7 Luxembourg Europe
10%
77 0 1 1 2 Madagascar Afrique
10%
50 4 2 6 12 Malaisie Asie
10%
54 2 4 5 11 Maroc Afrique
10%
72 3 0 0 3 Moldavie Europe
10%
84 0 0 1 1 Monaco Europe
10%
54 4 4 3 11 Mongolie Asie
10%
72 0 0 3 3 Monténégro Europe
10%
84 0 0 1 1 Nigeria Afrique
10%
66 1 2 2 5 Ouzbékistan Asie
10%
84 0 0 1 1 Pakistan Asie
10%
84 0 0 1 1 Panama Amérique
10%
66 1 1 3 5 Pérou Amérique
10%
50 2 5 5 12 Philippines Asie
10%
66 1 3 1 5 Qatar Asie
10%
77 0 1 1 2 République dominicaine Amérique
10%
84 0 1 0 1 Saint-Marin Europe
10%
84 0 0 1 1 Salvador Amérique
10%
62 2 2 2 6 Singapour Asie
10%
39 6 9 10 25 Slovaquie Europe
10%
84 0 0 1 1 Tunisie Afrique
10%
37 5 9 12 26 Venezuela Amérique
10%
62 5 1 0 6 Vietnam Asie
10%
Aucun quiz correspondant
Distribution des résultats
% des personnes avec chaque résultat
Percentile par nombre de réponses
Votre historique - résultats
Vous n’avez pas pris ce quiz